01751nam a2200409 a 450000500170000000800410001702000150005804100080007309200200008124501320010125000120023326000470024530000110029250001900030359000390049365300310053265300340056365300580059765300350065565300840069065300510077470000240082570000300084970000230087970000240090270000250092670000250095170000260097670000260100270000250102870000280105370000340108170000270111594200120114299900150115495201720116920240412132912.0100309t1985||||ag f | 1s0 spa d a9505510527 aspa c323.82l34sHIN4 aLos derechos humanos como politica.bEncuentro realizado el 20 y 21 de Junio de 1984 en Santiago de Chile /cFranz Hinkelammert a1a ed.  aBuenos Aires:bEdiciones La Aurora;c1985. a181 p. aHinkelammert, F. et al. (1985). Los derechos humanos como política. Encuentro realizado el 20 y 21 de junio de 1984 en Santiago de Chile. (1a ed.). Buenos Aires : Ediciones La Aurora. aDonación Dora Vera, febrero 2017 aEducación y mundo actual aEducar hoy ... ¿ para què? 4aUna alternativa educativa : educación personalizada 3aLa educación en los valores  aPersonalización de proferosresy personal directivo. Actitudes del magisterio. 1a¿Cómo poner en marcha un cambio educativo ?1 aVillela, Hugo931911 aHinkelammert, Franz931921 aLandi, Oscar931931 aLlano, Daniel931941 aMorande, Pedro931951 aHourton, Jorge931961 aCastillo, Jaime931971 aLira, Elizabeth931981 aInsunza, Mario931991 aDominguez, Andres932001 aViera Gallo, J. Antonio932011 aLechner, Norbert93202 2ddccBK c2341d2341 00102ddc4070aBFMbBFMcCRd2017-02-24eDonacion Dora Vera, febrero 2017l0o323.82 34 HINp3826r2017-02-24tEj.1w2017-02-24yBKzDonacion Dora Vera, febrero 2017